000 00742nam a22001817a 4500
005 20120326114645.0
020 _c175.00
_a8173153604
035 _aB-47584
037 _b
_adpl
082 _a320.55
100 _a नेने, राजाभाई
_944279
245 1 _aसेतुबंध /
_cराजाभाई नेने
260 _a दिल्ली
_bप्रभात प्रकाशन
_c2001
270 _a
_b
_e
_k
300 _a143पृ.
_c22सेमी (सजिल्द)
942 _adpl
_cHN
_k
_2ddc
_h320.55
_m नेनेशे
999 _c64371
_d64371